000 00457nam a2200169Ia 4500
003 GCL
008 140319s9999 xx 000 0 eng d
040 _aGCL /
_cGCL
082 0 4 _a895.1
_bP C
100 1 _aPEOPLE'S REPUBLIC OF CHINA
245 1 0 _aCHINESE LITERATURE /
_cPEOPLE'S REPUBLIC OF CHINA
260 _a[S.N] :
_bFOREIGN LANGUAGES PUBLISHING HOUSE
300 _a103 P
650 0 4 _aLITERATURE
650 0 4 _aLITERATURE - CHINA
942 _2ddc
_cBK
999 _c12088
_d12088